00356pab a2200121 454500008004000000100002100040245008700061260000900148300001300157362001100170650001900181773003400200180718b2012 xxu||||| |||| 00| 0 eng d aDevika, J. et al aReview of women's studies: State policy and the twelfth plan through a gender lens c2012 ap.40-41. a28 Apr aWomens studies aEconomic and Political Weekly